MARC details
| 000 -LEADER |
| fixed length control field |
05395nam a2200373 i 4500 |
| 003 - CONTROL NUMBER IDENTIFIER |
| control field |
CSPC |
| 005 - DATE AND TIME OF LATEST TRANSACTION |
| control field |
20250430143707.0 |
| 008 - FIXED-LENGTH DATA ELEMENTS--GENERAL INFORMATION |
| fixed length control field |
250414s2022 nyu b 001 0 eng d |
| 020 ## - INTERNATIONAL STANDARD BOOK NUMBER |
| International Standard Book Number |
9780367516888 |
| 040 ## - CATALOGING SOURCE |
| Original cataloging agency |
CSPC |
| Transcribing agency |
CSPC |
| Description conventions |
rda |
| Language of cataloging |
eng |
| 050 00 - LIBRARY OF CONGRESS CALL NUMBER |
| Classification number |
RT50.5 |
| Item number |
.N87 2022 |
| 082 04 - DEWEY DECIMAL CLASSIFICATION NUMBER |
| Classification number |
610.730285 |
| Item number |
N938 |
| 245 10 - TITLE STATEMENT |
| Title |
Nursing and informatics for the 21st century : |
| Remainder of title |
embracing a digital world. Book 1, Realizing digital health - bold challenges and opportunities for nursing / |
| Statement of responsibility, etc. |
edited by Connie White Delaney, [and 4 others]. |
| 250 ## - EDITION STATEMENT |
| Edition statement |
3rd edition. |
| 264 #1 - PRODUCTION, PUBLICATION, DISTRIBUTION, MANUFACTURE, AND COPYRIGHT NOTICE |
| Place of production, publication, distribution, manufacture |
New York, NY : |
| Name of producer, publisher, distributor, manufacturer |
Routledge, |
| Date of production, publication, distribution, manufacture, or copyright notice |
2022. |
| 300 ## - PHYSICAL DESCRIPTION |
| Extent |
xxxi, 208 pages ; |
| Dimensions |
26 cm. |
| 336 ## - CONTENT TYPE |
| Source |
rdacontent |
| Content type term |
text |
| Content type code |
txt |
| 337 ## - MEDIA TYPE |
| Source |
rdamedia |
| Media type term |
unmediated |
| Media type code |
n |
| 338 ## - CARRIER TYPE |
| Source |
rdacarrier |
| Carrier type term |
volume |
| Carrier type code |
nc |
| 504 ## - BIBLIOGRAPHY, ETC. NOTE |
| Bibliography, etc. note |
Includes bibliographical references and index.<br/> |
| 505 0# - FORMATTED CONTENTS NOTE |
| Formatted contents note |
Foreword / Deborah Trautman -- Foreword / Kedar Mate -- Foreword / Howard Catton -- Preface -- Acknowledgments -- Editors -- Contributors -- Introduction -- Digital health ecosystems: a strategy for transformation of health systems in the post-pandemic future / Anne W. Snowdon -- Digital health and new technologies / Whende M. Carroll -- Opportunities and challenges for digital health advancement / Gillian Strudwick, Sanaz Riahi and Nicholas R. Hardiker -- Ethical considerations in digital health / Pirkko Kouri, Minna Kaija-Kortelainen, Margaret Ann Kennedy and Ritta Turjamaa -- US health and healthcare current state: nurse executives / Robyn Begley, Laura Reed and Julibeth Lauren -- Engage the people: health informatics and personal health management / Anne Moen, Amy Cramer and Catherine Chronaki -- Information management in nursing leaders' operational decision-making / Laura-Maria Peltonen -- Informatics in large health systems: organization, transformation and nursing informatics leadership perspectives / Sheila Ochylski and Rebecca Freeman -- Nursing informatics within health systems: global comparison / Fabio D'Agostino, Miriam de Abreu Almeida, Aline Tsuma Gaedke Nomura and Jude L. Tayaben -- South Africa's healthcare systems, technology and nursing / Graham Wright, Helen J. Betts, Chrispin Kabuya and Henry Adams -- Teamwork and informatics: capturing the work of nurses as team members / Kristen K. Will and Gerri Lamb -- Index. |
| 520 ## - SUMMARY, ETC. |
| Summary, etc. |
"In just the past decade, the emergence of digital health has finally become palpable. Enhanced by the pandemic, social justice events, and planetary health urgency, Realizing Digital Health - Bold Challenges and Opportunities for Nursing explores that evolution with a focus on capturing the current state of digital health. Anchored in an introduction to digital health, new technologies, opportunities, and challenges are described. Consideration of the opportunities and challenges of digital health calls for specific attention to ethical considerations. This book includes a current state synopsis of healthcare in the USA, with the inclusion of specific implications for nursing leaders and executives. Engagement of the people (patients, families, communities) working in partnership to enhance health is described. Information management and the necessary definition and access to data are discussed with a particular explication of the function of information management and operational decision-making. The challenges and learnings related to informatics drawn from the experiences of leaders in large health systems shed insight into the current state of informatics-enabled digital health and healthcare. The global example of the integration of technology, nursing, and health systems expands our knowledge of the current state as well as explores possibilities. This book concludes with a commitment to and description of the current state of teamwork and the integral role/functions within informatics, nursing, and healthcare. This book provides the reader with a succinct overview of digital technologies, a reality-anchored description of the current state in the USA and globally and highlights the core foundation and integration of informatics and information management. This book stimulates thought and actions to advance digital health within a full partnership among the people, organizations, systems, and global imperatives including planetary survival. This book lifts up the next era calling for full teamwork, collaboration, and partnership as we emerge into a true global community. Nursing and Informatics for the 21st Century - Embracing a Digital World, 3rd Edition is comprised of four books...Book 1: Realizing Digital Health - Bold Challenges and Opportunities for Nursing Book 2: Nursing Education and Digital Health Strategies Book 3: Innovation, Technology, and Applied Informatics for Nurses Book 4: Nursing in an Integrated Digital World that Supports People, Systems, and the Planet"--page 4 of cover.<br/> |
| 650 12 - SUBJECT ADDED ENTRY--TOPICAL TERM |
| Topical term or geographic name entry element |
Nursing informatics. |
| 650 22 - SUBJECT ADDED ENTRY--TOPICAL TERM |
| Topical term or geographic name entry element |
Nursing |
| General subdivision |
Data processing. |
| 650 22 - SUBJECT ADDED ENTRY--TOPICAL TERM |
| Topical term or geographic name entry element |
Medical technology. |
| 650 22 - SUBJECT ADDED ENTRY--TOPICAL TERM |
| Topical term or geographic name entry element |
Medical laboratory science. |
| 700 1# - ADDED ENTRY--PERSONAL NAME |
| Personal name |
Delaney, Connie White, |
| Relator term |
editor. |
| 700 1# - ADDED ENTRY--PERSONAL NAME |
| Personal name |
Weaver, Charlotte A., |
| Relator term |
editor. |
| 700 1# - ADDED ENTRY--PERSONAL NAME |
| Personal name |
Sensmeier, Joyce, |
| Relator term |
editor. |
| 700 1# - ADDED ENTRY--PERSONAL NAME |
| Personal name |
Pruinelli, Lisiane, |
| Relator term |
editor. |
| 700 1# - ADDED ENTRY--PERSONAL NAME |
| Personal name |
Weber, Patrick, |
| Relator term |
editor. |
| 942 ## - ADDED ENTRY ELEMENTS (KOHA) |
| Source of classification or shelving scheme |
Dewey Decimal Classification |
| Koha item type |
Books |
| Suppress in OPAC |
No |
| Classification part |
610.730285 |
| Item part |
N938 |
| Call number prefix |
NUR |
| Call number suffix |
2022 |